The establishment of party needs rental shop in Brgy. Plaza Aldea, Tanay, Rizal / (Record no. 8887)
[ view plain ]
| 000 -LEADER | |
|---|---|
| fixed length control field | 01009nam a22002417i 4500 |
| 003 - CONTROL NUMBER IDENTIFIER | |
| control field | URS |
| 005 - DATE AND TIME OF LATEST TRANSACTION | |
| control field | 20230217160849.0 |
| 008 - FIXED-LENGTH DATA ELEMENTS--GENERAL INFORMATION | |
| fixed length control field | 190206b ||||| |||| 00| 0 eng d |
| 040 ## - CATALOGING SOURCE | |
| Language of cataloging | eng |
| Description conventions | rda |
| Transcribing agency | URS Pililla Library |
| 082 00 - DEWEY DECIMAL CLASSIFICATION NUMBER | |
| Item number | FS BSBA FM85 2015 |
| 100 1# - MAIN ENTRY--PERSONAL NAME | |
| Personal name | Baquiran, Devine Mary R. |
| Relator term | researcher |
| 245 14 - TITLE STATEMENT | |
| Title | The establishment of party needs rental shop in Brgy. Plaza Aldea, Tanay, Rizal / |
| Statement of responsibility, etc. | Devine Mary R. Baquiran |
| 300 ## - PHYSICAL DESCRIPTION | |
| Extent | xviii, 91 leaves; |
| Dimensions | 28 cm. |
| 336 ## - CONTENT TYPE | |
| Content type term | text |
| Content type code | txt |
| Source | rdacontent |
| 337 ## - MEDIA TYPE | |
| Media type term | unmediated |
| Media type code | n |
| Source | rdamedia |
| 338 ## - CARRIER TYPE | |
| Carrier type term | volume |
| Carrier type code | nc |
| Source | rdacarrier |
| 502 ## - DISSERTATION NOTE | |
| Dissertation note | Undergraduate Feasibility Study |
| Degree type | Bachelor of Science in Business Administration Major in Financial Management |
| Name of granting institution | University of Rizal System Pililla |
| 700 1# - ADDED ENTRY--PERSONAL NAME | |
| Personal name | Pernecita, Steven Seagal M. |
| Relator term | researcher |
| 700 1# - ADDED ENTRY--PERSONAL NAME | |
| Personal name | Caraos, Kenneth Rose V. |
| Relator term | researcher |
| 700 1# - ADDED ENTRY--PERSONAL NAME | |
| Personal name | Vidanes, Magdalena M. |
| Relator term | adviser |
| 856 ## - ELECTRONIC LOCATION AND ACCESS | |
| Uniform Resource Identifier | <a href="https://drive.google.com/file/d/1a-if-eOKRGp8Yzf_njWgICE_w4Pzj1w7/view?usp=share_link">https://drive.google.com/file/d/1a-if-eOKRGp8Yzf_njWgICE_w4Pzj1w7/view?usp=share_link</a> |
| 942 ## - ADDED ENTRY ELEMENTS (KOHA) | |
| Source of classification or shelving scheme | Dewey Decimal Classification |
| Koha item type | Theses and dissertations |
| Withdrawn status | Source of classification or shelving scheme | Damaged status | Not for loan | Home library | Current library | Shelving location | Date acquired | Total Checkouts | Full call number | Barcode | Date last seen | Price effective from | Koha item type |
|---|---|---|---|---|---|---|---|---|---|---|---|---|---|
| Dewey Decimal Classification | Not For Loan | Pililla College Library | Pililla College Library | General Stacks | 02/06/2019 | FS BSBA FM85 2015 | FS BSBA FM85 2015 | 02/06/2019 | 02/06/2019 | Theses and dissertations |